Regímenes políticos en América del Sur, 1955-1975 (Record no. 214921)

MARC details
000 -CABECERA
campo de control de longitud fija 01028nam a2200289 a 4500
003 - IDENTIFICADOR DEL NÚMERO DE CONTROL
campo de control MX-MxUPN
005 - FECHA Y HORA DE LA ÚLTIMA TRANSACCIÓN
campo de control 20260410133244.0
007 - CAMPO FIJO DE DESCRIPCIÓN FÍSICA--INFORMACIÓN GENERAL
campo de control de longitud fija cr |||aaaaaaa|
008 - ELEMENTOS DE LONGITUD FIJA--INFORMACIÓN GENERAL
campo de control de longitud fija 260407s2023 ck| ||||o ||| 000 0 spa d
020 ## - NÚMERO INTERNACIONAL NORMALIZADO PARA LIBROS
Número Internacional Estándar del Libro 9786287518698
040 ## - FUENTE DE LA CATALOGACIÓN
Centro catalogador/agencia de origen MX-MxUPN
Lengua de catalogación spa
Normas de descripción aacr2
041 0# - CÓDIGO DE IDIOMA
Código de lengua del texto/banda sonora o título independiente spa
050 14 - SIGNATURA TOPOGRÁFICA DE LA BIBLIOTECA DEL CONGRESO
Número de clasificación JC495
100 1# - ASIENTO PRINCIPAL--NOMBRE PERSONAL
Nombre de persona Atehortúa, Adolfo
9 (RLIN) 58920
100 1# - ASIENTO PRINCIPAL--NOMBRE PERSONAL
Nombre de persona Cordero Fernández, María Macarena
9 (RLIN) 59217
100 1# - ASIENTO PRINCIPAL--NOMBRE PERSONAL
Nombre de persona Marimón, Martín
9 (RLIN) 59218
245 10 - MENCIÓN DE TÍTULO
Título Regímenes políticos en América del Sur, 1955-1975
Medio [recurso electrónico en línea]
250 ## - MENCIÓN DE EDICIÓN
Mención de edición Primera edición
260 ## - PUBLICACIÓN, DISTRIBUCIÓN, ETC.
Lugar de publicación, distribución, etc. Bogotá, Colombia :
Nombre del editor, distribuidor, etc. Universidad Pedagógica Nacional, Unipe Editorial Universitaria, REDUCAR,
Fecha de publicación, distribución, etc. 2023
300 ## - DESCRIPCIÓN FÍSICA
Extensión 1 recurso en línea (240 páginas) :
Otras características físicas PDF
490 0# - MENCIÓN DE SERIE
Mención de serie Colección Educar en América Latina
506 0# - NOTA DE RESTRICCIONES AL ACCESO
Limitaciones de acceso Acceso abierto
650 #4 - ASIENTO SECUNDARIO DE MATERIA - TERMINO TEMATICO
Término de materia o nombre geográfico como elemento de entrada Dictadura
Subdivisión general Historia
Subdivisión cronológica Siglo XX
Subdivisión geográfica América del Sur
9 (RLIN) 59239
856 40 - LOCALIZACIÓN Y ACCESO ELECTRÓNICOS
Identificador Uniforme del Recurso <a href="http://hdl.handle.net/20.500.12209/18423">http://hdl.handle.net/20.500.12209/18423</a>
902 ## - ELEMENTOS DE DATOS B LOCAL, LDB (RLIN)
Creó JohanaAllegre/070426
942 ## - ELEMENTOS DE PUNTO DE ACCESO ADICIONAL (KOHA)
Fuente del sistema de clasificación o colocación Library of Congress Classification
Tipo de ítem Koha Libro Electrónico
Holdings
Estado de retiro Estado de pérdida Fuente del sistema de clasificación o colocación Estado dañado No para préstamo Código de colección Localización permanente Ubicación/localización actual Ubicación en estantería Fecha de adquisición Total de préstamos Clasificación Fecha visto por última vez Identificador Uniforme del Recurso Precio válido a partir de Tipo de ítem Koha
    Library of Congress Classification     Acceso abierto Bib. Gregorio Torres Quintero Bib. Gregorio Torres Quintero En línea 07/04/2026   JC495 07/04/2026 http://hdl.handle.net/20.500.12209/18423 07/04/2026 Libro Electrónico